000 00256 a2200109 4500
020 _a9780590465663
041 _aspa
100 _aViorst, Judith
245 _aAlexander y El Dia Terrible: Horrible, Espantoso, Horroroso
942 _cBK
952 _74
_xokay
999 _c25987
_d25987